Countries Smaller than Rhode Island - Sudden Death - Statistics

General Stats
  • This quiz has been taken 289 times
  • The average score is 8 of 29
Answers on the Grid
Answers color-coded by a green-red scale on the quiz's grid according to % correct below.
Andorra
Antigua & Barbuda
Bahamas
Bahrain
Bangladesh
Barbados
Bhutan
Brunei
Cambodia
Cape Verde
Comoros
Costa Rica
Dominica
East Timor
F. S. Micronesia
Georgia
Grenada
Guinea
Ireland
Kiribati
Kuwait
Liechtenstein
Luxembourg
Maldives
Malta
Marshall Islands
Mauritius
Monaco
Nauru
Palau
Rwanda
Saint Kitts and Nevis
Saint Lucia
Samoa
San Marino
Sao Tome
Seychelles
Singapore
South Korea
St. Vincent and the Grenadines
Togo
Tonga
Tuvalu
Vanuatu
Vatican City
 
Answer Stats
Answer % Correct
Vatican City
50%
Monaco
40%
Nauru
37%
San Marino
37%
Andorra
35%
Palau
35%
Liechtenstein
31%
Malta
31%
Saint Kitts and Nevis
31%
Saint Lucia
31%
Tuvalu
30%
Dominica
29%
Sao Tome
29%
St. Vincent and the Grenadines
28%
Maldives
27%
Singapore
27%
Seychelles
26%
Antigua & Barbuda
24%
Barbados
24%
Grenada
24%
Tonga
23%
F. S. Micronesia
21%
Kiribati
21%
Marshall Islands
21%
Samoa
21%
Luxembourg
20%
Mauritius
19%
Bahrain
18%
Comoros
17%
No matching quizzes found
Score Distribution
Percent of People with Each Score
Percentile by Number Answered
Your Score History
You have not taken this quiz